| 000 | 00337nas a2200121Ia 4500 | ||
|---|---|---|---|
| 003 | OSt | ||
| 005 | 20240112141152.0 | ||
| 008 | 240111c99999999xx |||||||||||| ||und|| | ||
| 040 | _cIIAP library | ||
| 245 | 0 | _aJournal of Astrophysics and Astronomy | |
| 260 | _bIndian Academy of Sciences and Astronomical Society of India | ||
| 942 |
_cBV _2ddc |
||
| 999 |
_c36030 _d36030 |
||